| 000 | 00684nam a2200229 a 4500 | ||
|---|---|---|---|
| 001 | 462879 | ||
| 003 | BD-DhUL | ||
| 005 | 20161219155631.0 | ||
| 008 | 841101s1984 ohua b 001 0 eng | ||
| 020 | _a0675200989 | ||
| 040 |
_aDLC _cDLC _dDLC _dBD-DhUL |
||
| 082 | 0 | 0 |
_a658.1 _bGRO |
| 100 | 1 | _aGray, Jerry L. | |
| 245 | 1 | 0 |
_aOrganizational behavior : _bconcepts and applications / _cJerry L. Gray and Frederick A. Starke. |
| 250 | _a3rd ed. | ||
| 260 |
_aColumbus : _bC.E. Merrill, _cc1984. |
||
| 300 |
_ax, 746 p. : _bill. ; _c24 cm. |
||
| 504 | _aIncludes bibliographies and index. | ||
| 650 | 0 | _aOrganizational behavior. | |
| 700 | 1 | _aStarke, Frederick A. | |
| 942 |
_2ddc _cBK |
||
| 999 |
_c138118 _d138118 |
||